Pays en image #1 - Statistiques

Statistiques générales
  • Ce quiz a été pris 151 fois
  • Le résultat moyen est 9 sur 16
Statistiques - réponses
Par images Réponse % Correct
France
90%
Russie
89%
Australie
88%
États-Unis
80%
Italie
75%
Japon
75%
Brésil
63%
Thaïlande
48%
Corée du sud
46%
Émirats arabes unis
46%
Royaume-uni
46%
Canada
42%
Maroc
35%
Inde
30%
Hongrie
24%
Mexique
15%
Aucun quiz correspondant
Distribution des résultats
% des personnes avec chaque résultat
Percentile par nombre de réponses
Votre historique - résultats
Vous n’avez pas pris ce quiz